00691nam a2200181 i 450000100060000000300090000600500170001500700030003200800410003510000310007624500580010726000420016530000200020750501070022785200340033499900170036895201240038574131ES-MaACL20230906172028.0t|040915s1962 sp ||||1| spa d1 aGonzález, Sancho.95838110aVeinticinco años de historia / cSancho González. aMadrid : b[s.n., c1962] (fMaribel) a2 v. ; c25 cm.8 aContiene: T.I: España ante el mundo. -- T.II: Francisco Franco artífice de la victoria y de la paz aES-MaACLjC-23602-3 bR.52291 c74131d74131 00104070aATENEOMbATENEOMcDEPO2d2008-01-17eSCl0oC-23602-3p1077598r2023-02-23 00:00:00w2023-02-23yMONOGRAFIA